Les Enfoirés 2018 : Toutes les chansons - Statistiques

Statistiques générales
  • Ce quiz a été pris 21 fois
  • Le résultat moyen est 14 sur 17
Statistiques - réponses
Hint Réponse % Correct
1) Je joue de la musique
100%
17) La chanson des Restos
100%
2) 4 mots sur un piano
92%
14) Chocolat
92%
12) The winner takes it all
92%
4) Un homme debout
92%
13) Le géant de papier
83%
3) Les démons de minuit
83%
7) Né en 17 à Leidenstadt
83%
16) On fait le show
83%
6) Roule
83%
11) Comme ils disent
75%
8) Memory
75%
5) Vivre ou survivre
75%
9) Je m'en vais
67%
10) Sang pour sang
67%
15) Présentation des musiciens
33%
Aucun quiz correspondant
Distribution des résultats
% des personnes avec chaque résultat
Percentile par nombre de réponses
Votre historique - résultats
Vous n’avez pas pris ce quiz